Un mundo nuevo: respuesta a una carta. Javier Lagarrigue A. carta a Eduardo Frei

Gorde:
Xehetasun bibliografikoak
Egile nagusia: Frei Montalva, Eduardo (Egilea)
Formatua: Liburua
Hizkuntza:gaztelania
Argitaratua: Santiago Nueva Universidad 1973
Edizioa:1a. ed
Saila:Colección Universidad y Presente
Gaiak:
Etiketak: Etiketa erantsi
Etiketarik gabe, Izan zaitez lehena erregistro honi etiketa jartzen!

MARC

LEADER 00000cam a2200000 a 4500
001 UCK5003
003 CL-VaPUC
008 050708e19730000CL |||||||||||||||||spa|d
082 0 4 |a 320.01  |b FRE  |2 21 
100 |a Frei Montalva, Eduardo  |e author  |9 255811 
245 1 3 |a Un mundo nuevo: respuesta a una carta. Javier Lagarrigue A. carta a Eduardo Frei 
250 |a 1a. ed 
300 |a 206 p 
942 |c BK 
945 |d 20050708 00:00:00  |a cmena 
260 |a Santiago  |b Nueva Universidad  |c 1973 
600 0 7 |a DEMOCRACIA CRISTIANA  |2 CL-VaPUC  |9 348140 
650 7 |a FILOSOFIA POLITICA  |2 CL-VaPUC  |9 493672 
650 0 |a Partidos políticos  |9 254999 
650 0 |a Historia política  |9 256974 
650 0 |a Capitalismo  |9 255255 
650 7 |a MARXISMO  |2 CL-VaPUC  |9 493673 
651 7 |a CHILE  |2 CL-VaPUC  |9 493674 
583 |a last modification  |c 20150407 01:16:56  |k Rodrigo Vera 
490 0 |a Colección Universidad y Presente 
999 |c 313699  |d 313697 
952 |0 0  |1 0  |4 0  |6 320_010000000000000_FRE_1973  |7 0  |8 P  |9 385186  |a BIBGIM  |b BIBGIM  |d 2019-11-22  |i 4144325  |o 320.01 FRE 1973  |p 4144325  |r 2025-01-15  |w 2019-11-22  |y BK  |k GIM 
952 |0 0  |1 0  |3 erb  |4 0  |6 320_010000000000000_FRE_1973  |7 0  |8 X  |9 385187  |a FDOBUD  |b FDOBUD  |i 5157625  |o 320.01 FRE 1973  |p 5157625  |r 2019-11-22  |w 2019-11-22  |y BK_X  |z Catalogado en:20150409  |k BUD